000 00289nam a2200121Ia 4500
005 20251222125349.0
008 251222s1900||||xx |||||||||||||| ||spa||
020 _a88-17-11118-X
082 _a828.9/E41C/1994
100 _a"Eliot, Thomas Stearns"
245 0 _aCori da la rocca
942 _cCD
999 _c2676
_d2676